All Super Mario Games - Statistics

General Stats
  • This quiz has been taken 24 times
  • The average score is 13 of 18
Answer Stats
Hint Answer % Correct
1983 Super Mario Bros.
94%
1988 Super Mario Bros. 3
89%
1986 Super Mario Bros. The Lost Levels
89%
2007 Super Mario Galaxy
83%
2006 New Super Mario Bros.
78%
2013 Super Mario 3D World
78%
1988 Super Mario Bros. 2
78%
2009 New Super Mario Bros. Wii
72%
2017 Super Mario Odyssey
72%
2002 Super Mario Sunshine
72%
2012 New Super Mario Bros. U
67%
2010 Super Mario Galaxy 2
67%
1989 Super Mario Land
67%
1992 Super Mario Land 2: 6 Golden Coins
67%
1990 Super Mario World
67%
2012 New Super Mario Bros. 2
61%
2011 Super Mario 3D Land
61%
1996 Super Mario 64
61%
No matching quizzes found
Score Distribution
Percent of People with Each Score
Percentile by Number Answered
Your Score History
You have not taken this quiz